000
00294nam a2200109 a 4500
005
20201002060826.0
008
181005s2016 000 spa d
020
_a
9789945599800
245
0
_a
Informática interactiva 5 : libro del maestro.
260
_a
Santo Domingo,
_c
2016.
999
_c
47438
_d
47438
040
_a
DO-SdBNP